Space probe (Record no. 66071)

MARC details
000 -LEADER
fixed length control field 00881cam a2200205 4500
001 - CONTROL NUMBER
control field WB3706-04
008 - FIXED-LENGTH DATA ELEMENTS--GENERAL INFORMATION
fixed length control field 000000n2001 000 0 eng u
035 ## - SYSTEM CONTROL NUMBER
System control number (Sirsi) u110827
245 ## - TITLE STATEMENT
Title Space probe
260 ## - PUBLICATION, DISTRIBUTION, ETC.
Date of publication, distribution, etc. 2001
490 ## - SERIES STATEMENT
Series statement Guardian
Volume/sequential designation 7 February 2001, 8(2)
520 ## - SUMMARY, ETC.
Summary, etc. As part of a government initiative to improve the quality of urban design, a new report, "The value of urban design", attempts to measure the advantages of good building design by assessing recent buildings in three major cities. Looks at the commercial developments used in the study and explains the social, economic and environmental measures used to make the judgements.
590 ## - LOCAL NOTE (RLIN)
Local note WB
650 ## - SUBJECT ADDED ENTRY--TOPICAL TERM
Topical term or geographic name entry element ARCHITECTURAL VALUE
650 ## - SUBJECT ADDED ENTRY--TOPICAL TERM
Topical term or geographic name entry element URBAN DESIGN
650 ## - SUBJECT ADDED ENTRY--TOPICAL TERM
Topical term or geographic name entry element BUILT ENVIRONMENT
650 ## - SUBJECT ADDED ENTRY--TOPICAL TERM
Topical term or geographic name entry element COMMERCIAL DEVELOPMENTS
690 ## - LOCAL SUBJECT ADDED ENTRY--TOPICAL TERM (OCLC, RLIN)
Topical term or geographic name as entry element BUILT ENVIRONMENT-CONSTRUCTION DESIGN
942 ## - ADDED ENTRY ELEMENTS (KOHA)
Suppress in OPAC 0
Holdings
Withdrawn status Lost status Source of classification or shelving scheme Damaged status Not for loan Home library Current library Shelving location Date acquired Total Checkouts Full call number Barcode Date last seen Copy number Price effective from Koha item type
    Dewey Decimal Classification     London London News article 07/02/2001   WB3706-04 110827-1001 06/08/2019 1 06/08/2019 News article